LEADER 01255cam0-22004211i-450- 001 990007237900403321 005 20051214171245.0 010 $a88-204-9657-7 035 $a000723790 035 $aFED01000723790 035 $a(Aleph)000723790FED01 035 $a000723790 100 $a20021021d1996----km-y0itay50------ba 101 0 $aita 102 $aIT 105 $ay-------001yy 200 1 $aDisoccupazione e lavori socialmente utili$ele esperienze di Stati Uniti, Germania e Italia$fArmando Tursi 210 $aMilano$cFranco Angeli$d1996 215 $a128 p.$d22 cm 225 1 $aLavoro e società$v14 610 0 $aDisoccupazione$aPolitica sociale$aStudi comparativi 610 0 $aServizi pubblici 610 0 $aSussidi di disoccupazione$aItalia$aLegislazione 676 $a344 676 $a361 700 1$aTursi,$bArmando$0121148 801 0$aIT$bUNINA$gRICA$2UNIMARC 901 $aBK 912 $a990007237900403321 952 $aA-IX-224$b7803 dip.$fDDRC 952 $aA-IX-228$b7847 dip.$fDDRC 952 $aG/2.12 TUR$b16664$fSES 952 $aCOLLEZ. 1550 (14)$b28449$fFSPBC 959 $aDDRC 959 $aSES 959 $aFSPBC 996 $aDisoccupazione e lavori socialmente utili$9196200 997 $aUNINA LEADER 01338nam--2200421---450- 001 990002472040203316 005 20070214090943.0 010 $a84-8151-619-8 035 $a000247204 035 $aUSA01000247204 035 $a(ALEPH)000247204USA01 035 $a000247204 100 $a20050916d1998----km-y0itaa50------ba 101 0 $amul 102 $aES 105 $aa|||z|||001yy 200 1 $aTraducción e interpretación en el ámbito biosanitario$fLeandro Félix Fernández, Emilio Ortega Arjonilla (coordinadores) 210 $aGranada$cComares$d1998 215 $aXVIII, 489 p.$cill.$d21 cm 225 2 $aInterlingua$v5 410 0$12001$aInterlingua$v5 454 1 $12001 461 1$1001------$12001 606 0 $aMedicina$xTerminologia 676 $a610.14 702 1$aFÉLIX FERNÁNDEZ,$bLeandro 702 1$aORTEGA ARJONILLA,$bEmilio 801 0$aIT$bsalbc$gISBD 912 $a990002472040203316 951 $aIV.2. 404(II sp C 426)$b182238 L.M.$cII sp C$d00180021 959 $aBK 969 $aUMA 979 $aPECORARO$b90$c20050916$lUSA01$h1042 979 $aPECORARO$b90$c20050916$lUSA01$h1044 979 $aPECORARO$b90$c20050916$lUSA01$h1200 979 $aCOPAT7$b90$c20070214$lUSA01$h0909 996 $aTraducción e interpretación en el ámbito biosanitario$91059671 997 $aUNISA LEADER 01090nam a2200277 i 4500 001 991001900799707536 005 20020507153538.0 008 000713s1978 it ||| | ita 020 $a8824303005 035 $ab11580628-39ule_inst 035 $aLE02727093$9ExL 040 $aDip.to Studi Giuridici$bita 082 0 $a346.15 084 $aPR-IV/B 100 1 $aGrassi, Lucio$0258328 245 13$aIl divorzio nella giurisprudenza :$brassegna critica delle sentenze costituzionali, di legittimita, di merito sulla Legge 898/1970 /$cLucio Grassi, Paolo Grassi 260 $aNapoli :$bE. Jovene,$c1978 300 $aviii, 379 p. ;$c24 cm. 650 4$aDivorzio$xGiurisprudenza 700 1 $aGrassi, Paolo$eauthor$4http://id.loc.gov/vocabulary/relators/aut$011248 907 $a.b11580628$b21-09-06$c02-07-02 912 $a991001900799707536 945 $aLE027 PR-IV/B 31$g1$i2027000284030$lle027$o-$pE0.00$q-$rl$s- $t0$u2$v0$w2$x0$y.i11788203$z02-07-02 996 $aDivorzio nella giurisprudenza$9689532 997 $aUNISALENTO 998 $ale027$b01-01-00$cm$da $e-$fita$git $h3$i1